000 007790000a22002290004500
003 LK-CoMWRAF
005 20231122121703.0
008 230817t1996 ||||| |||| 00| 0 eng d
020 _a9559528440
040 _aLK-CoMWRAF
_dLK-CoMWRAF
_eLK-CoMWRAF
041 _aeng
082 _a324.2
_bBRI
245 _aBritain, World War 2 & the Sama Samajists :
_ba study of the documents contained in the secret files maintained by the Public Record Office, London
260 _aColombo:
_bA Young Socialist Publication,
_c1996
300 _a259 p. ; 22 cm.
650 _aLanka Sama Samaja Party--History
650 _aWorld War, Sri Lanka
650 _aSri Lanka--Politics and government
700 _a Muthiah, Wesley S.
_eed.
700 _aWanasinghe, Sydney
_eed.
942 _cBK
999 _c427
_d427